Marktversagen und Wirtschaftspolitik Mikroökonomische Grundlagen staatlichen Handelns
Enregistré dans:
| Auteur principal: | |
|---|---|
| Autres auteurs: | , |
| Format: | Livre |
| Langue: | allemand |
| Publié: |
München
Vahlen
1993
|
| Édition: | 1. Aufl. |
| Collection: | Vahlens Handbücher der Wirtschafts- und Sozialwissenschaften
|
| Sujets: | |
| Tags: |
Pas de tags, Soyez le premier à ajouter un tag!
|
MARC
| LEADER | 00000nam a2200000 4500 | ||
|---|---|---|---|
| 001 | c010959 | ||
| 005 | 20221214082429.3 | ||
| 020 | |a 3-8006-1746-3 | ||
| 041 | 0 | |a ger | |
| 044 | |a DE | ||
| 245 | 1 | 0 | |a Marktversagen und Wirtschaftspolitik |b Mikroökonomische Grundlagen staatlichen Handelns |c Michael Fritsch, Thomas Wein, Hans-Jürgen Ewers |
| 250 | |a 1. Aufl. | ||
| 264 | 1 | |a München |b Vahlen |c 1993 | |
| 300 | |a 305 s. | ||
| 490 | 1 | |a Vahlens Handbücher der Wirtschafts- und Sozialwissenschaften | |
| 830 | 0 | |a Vahlens Handbücher der Wirtschafts- und Sozialwissenschaften | |
| 610 | 2 | 0 | |a trh |
| 610 | 2 | 0 | |a zlyhanie trhu |
| 610 | 2 | 0 | |a politika hospodárska |
| 610 | 2 | 0 | |a procesy rozhodovacie |
| 610 | 2 | 0 | |a konkurencia |
| 610 | 2 | 0 | |a modely |
| 610 | 2 | 0 | |a produkcia |
| 610 | 2 | 0 | |a spotreba |
| 610 | 2 | 0 | |a telekomunikácie |
| 100 | 1 | |a Fritsch, Michael | |
| 700 | 1 | |a Wein, Thomas | |
| 700 | 1 | |a Ewers, Hans-Jürgen | |